| 000 | 01006cam a22002894a 4500 | ||
|---|---|---|---|
| 001 | 14294009 | ||
| 005 | 20240818092914.0 | ||
| 008 | 060309s2007 caua 001 0 eng | ||
| 010 | _a 2006040286 | ||
| 015 |
_aGBA651038 _2bnb |
||
| 016 | 7 |
_a013480339 _2Uk |
|
| 020 | _a0321435656 | ||
| 035 | _a(OCoLC)ocm64688914 | ||
| 040 |
_aDLC _cDLC _dYDX _dBAKER _dUKM _dDLC |
||
| 042 | _apcc | ||
| 050 | 0 | 0 |
_aQC21.3 _b.W65 2007 |
| 082 | 0 | 0 |
_a530 _222 _bWOL |
| 245 | 1 | 0 |
_aEssential university physics .Vol. 2 chapters 20-30/ _cRichard Wolfson. |
| 260 |
_aSan Francisco : _bPearson Addison-Wesley, _cc2007. |
||
| 300 |
_a1 v. : _bill. ; _c28 cm.+ _e1 student access kit |
||
| 500 | _aIncludes index. | ||
| 942 |
_2ddc _cBB _hRDA-MOD |
||
| 999 |
_c11463 _d11463 |
||
| 336 |
_2rdacontent _atext _btxt |
||
| 337 |
_aunmediated _2rdamedia _bn |
||
| 338 |
_avolume _bnc _2rdacarrier |
||